José Prat : (Record no. 190375)

MARC details
000 -LEADER
campo de control de longitud fija 00804nab a2200205 i 4500
001 - NÚMERO DE CONTROL
campo de control 190375
003 - IDENTIFICADOR DE NÚMERO DE CONTROL
campo de control ES-MaACL
005 - FECHA Y HORA DE LA ÚLTIMA TRANSACCIÓN
campo de control 20250905063057.0
008 - DATOS DE LONGITUD FIJA--INFORMACIÓN GENERAL
campo de control de longitud fija 210119s2001 sp 000 0dspa d
100 1# - ENTRADA PRINCIPAL--NOMBRE DE PERSONA
Nombre de persona Basurto, Esperanza,
Fechas asociadas al nombre 1958-
Término indicativo de función/relación Autor
9 (RLIN) 226987
245 10 - MENCIÓN DEL TÍTULO
Título José Prat :
Resto del título presidente del Ateneo de Madrid /
Mención de responsabilidad, etc. Esperanza Basurto
600 14 - PUNTO DE ACCESO ADICIONAL DE MATERIA--NOMBRE DE PERSONA
Nombre de persona Prat, José,
Fechas asociadas al nombre 1905-1994
9 (RLIN) 93665
610 24 - PUNTO DE ACCESO ADICIONAL DE MATERIA--NOMBRE DE ENTIDAD CORPORATIVA
Nombre de entidad corporativa o nombre de jurisdicción como elemento de entrada Ateneo de Madrid-
Subdivisión de forma Historia
9 (RLIN) 1925
655 #4 - TERMINO DE INDIZACIÓN--GENERO/FORMA
Datos o término principal de género/forma Artículos
9 (RLIN) 175745
710 2# - ENTRADA AGREGADA--NOMBRE DE ENTIDAD CORPORATIVA
Nombre de entidad corporativa o nombre de jurisdicción como elemento de entrada Agrupación Ateneísta de Aire Libre
Término indicativo de función/relación Editor
9 (RLIN) 1274
773 0# - ASIENTO DE ITEM FUENTE
Título Boletín de la Sociedad Ateneísta de Aire Libre,
Lugar, editor y fecha de publicación Madrid : Agrupación Ateneísta de Aire Libre,
Número Internacional Normalizado para Publicaciones Seriadas ISSN 1132-8045,
Parte(s) relacionada(s) 2001, n. 34 (extra), p. 6-7
Número bibliográfico anfitrión 2830
Número de control del registro 2830
Número de ítem anfitrión 2930
942 ## - ELEMENTOS DE ENTRADA SECUNDARIOS (KOHA)
Fuente del sistema de clasificación o colocación Clasificación decimal universal
Tipo de ítem Koha Artículo de revista
Suprimir en OPAC No

No items available.